[Event "HZ Chess Tournament 2023"]
[Site "Vlissingen, Netherlands"]
[Date "2023.08.11"]
[Round "8.25"]
[White "Bazilius, Augustinas"]
[Black "Maters, Arthur"]
[Result "1-0"]
[WhiteElo "2052"]
[BlackElo "2131"]
[PlyCount "45"]

1. d4 d5 2. Nc3 Nf6 3. Bf4 c5 4. e3 cxd4 5. exd4 a6 6. Nf3 Nc6 7. Ne5 Bf5 8.
Be2 Rc8 9. g4 Bg6 10. h4 Qb6 11. h5 Qxb2 12. Na4 Qxd4 13. Qxd4 Nxd4 14. hxg6
Nxc2+ 15. Kd2 Ne4+ 16. Kd3 Nxf2+ 17. Kd2 Ne4+ 18. Kd3 hxg6 19. Rxh8 Nxa1 20.
Nd7 Rc6 21. Nxf8 b5 22. Nxg6+ Kd7 23. Ne5+ 1-0

[Event "HZ Chess Tournament 2023"]
[Site "Vlissingen, Netherlands"]
[Date "2023.08.11"]
[Round "8.26"]
[White "Manshanden, Nick"]
[Black "Gijsen, William"]
[Result "1-0"]
[WhiteElo "2040"]
[BlackElo "2111"]
[PlyCount "81"]

1. Nf3 Nf6 2. g3 d5 3. Bg2 Bf5 4. O-O c6 5. d3 e6 6. c4 Nbd7 7. Nc3 Be7 8. Re1
e5 9. cxd5 cxd5 10. e4 dxe4 11. dxe4 Bg6 12. Qb3 O-O 13. Qxb7 Rb8 14. Qxa7 Bc5
15. Qa6 Ng4 16. Re2 Ra8 17. Qd3 Nxf2 18. Rxf2 Bxf2+ 19. Kxf2 Qb6+ 20. Qe3 Nc5
21. Kg1 f6 22. Nh4 Bf7 23. Nf5 Rfb8 24. Nd5 Bxd5 25. Ne7+ Kh8 26. Nxd5 Qa7 27.
b4 Nb3 28. Qxa7 Rxa7 29. Be3 Nxa1 30. Bxa7 Ra8 31. Bb6 Rxa2 32. b5 Nb3 33. Bc7
Nd2 34. b6 Rb2 35. Bh3 Nxe4 36. Bc8 Nd2 37. b7 Nf3+ 38. Kf1 Rd2 39. Bg4 Nxh2+
40. Ke1 Rb2 41. Nb6 1-0

[Event "HZ Chess Tournament 2023"]
[Site "Vlissingen, Netherlands"]
[Date "2023.08.11"]
[Round "8.27"]
[White "Groen, Jari"]
[Black "Wagenvoorde, Guido"]
[Result "1/2-1/2"]
[WhiteElo "1961"]
[BlackElo "2104"]
[PlyCount "90"]

1. e4 c5 2. Nf3 e6 3. d4 cxd4 4. Nxd4 Nc6 5. Nc3 Qc7 6. Be3 a6 7. Qf3 h5 8.
Nxc6 Qxc6 9. a4 Bb4 10. Bd4 f6 11. Bd3 e5 12. Be3 Bxc3+ 13. bxc3 Qxc3+ 14. Ke2
d6 15. Qg3 Qc7 16. h4 Be6 17. Rhb1 Kf7 18. Rb6 Ne7 19. Rab1 Rab8 20. f3 Rhc8
21. Qe1 Qd7 22. Qb4 Nc6 23. Qb2 Rc7 24. Kf1 d5 25. Bxa6 dxe4 26. Bxb7 exf3 27.
Bxc6 Rxb6 28. Bxd7 fxg2+ 29. Kg1 Rxb2 30. Bxe6+ Kxe6 31. Rxb2 Rc3 32. Bb6 Ra3
33. a5 g5 34. hxg5 fxg5 35. Kxg2 Kd5 36. Rb5+ Ke4 37. Bc7 Rc3 38. Bxe5 Rxc2+
39. Kg3 Ra2 40. Bf6 h4+ 41. Kh3 Ra3+ 42. Kh2 g4 43. Bxh4 Rh3+ 44. Kg2 Rxh4 45.
a6 Rh8 1/2-1/2

[Event "HZ Chess Tournament 2023"]
[Site "Vlissingen, Netherlands"]
[Date "2023.08.11"]
[Round "8.28"]
[White "Loechner, Mark"]
[Black "Arnold, Rhys"]
[Result "1/2-1/2"]
[WhiteElo "1607"]
[BlackElo "2098"]
[PlyCount "86"]

1. c4 e6 2. g3 d5 3. Bg2 a6 4. cxd5 exd5 5. Nf3 Nf6 6. O-O Bd6 7. b3 O-O 8. Bb2
Re8 9. Re1 h6 10. d3 Bf5 11. Nbd2 Bh7 12. e4 dxe4 13. Nxe4 Nxe4 14. dxe4 Nc6
15. Nd4 Be5 16. Nxc6 Qxd1 17. Raxd1 Bxb2 18. Re2 Ba3 19. Na5 Rab8 20. Nc4 Bc5
21. Kf1 Rbd8 22. Rxd8 Rxd8 23. Rd2 Rxd2 24. Nxd2 Kf8 25. f3 Ke7 26. Bh3 b6 27.
Bc8 a5 28. Ke2 f6 29. Ba6 Bg8 30. a4 Be6 31. g4 Bb4 32. Bc4 Bxd2 33. Kxd2 Bxc4
34. bxc4 Kd6 35. Kd3 Ke5 36. c5 Kf4 37. cxb6 cxb6 38. Kc4 Kxf3 39. Kb5 Kxe4 40.
Kxb6 Kd5 41. Kxa5 Kc5 42. Ka6 Kc6 43. Ka5 Kc5 1/2-1/2

[Event "HZ Chess Tournament 2023"]
[Site "Vlissingen, Netherlands"]
[Date "2023.08.11"]
[Round "8.29"]
[White "Fleerackers, Willy"]
[Black "Tiggelman, Rene"]
[Result "0-1"]
[WhiteElo "1983"]
[BlackElo "2201"]
[PlyCount "46"]

1. d4 e6 2. Nf3 d5 3. g3 c6 4. Bg2 f5 5. c4 Nf6 6. O-O Bd6 7. Nc3 O-O 8. b3
Nbd7 9. Qc2 Ne4 10. Bb2 Qe7 11. Rad1 a5 12. Ne1 Nxc3 13. Bxc3 b6 14. Nd3 Ba6
15. Ne5 Nxe5 16. dxe5 Bc5 17. Qb2 Rac8 18. cxd5 cxd5 19. Rd2 Rc7 20. Bd4 Ba3
21. Qb1 Rfc8 22. Rdd1 Bxe2 23. Bxb6 Rc2 0-1

[Event "HZ Chess Tournament 2023"]
[Site "Vlissingen, Netherlands"]
[Date "2023.08.11"]
[Round "8.30"]
[White "Morssink, Pieter Jan"]
[Black "Weber, Dirk"]
[Result "0-1"]
[WhiteElo "1909"]
[BlackElo "2151"]
[PlyCount "66"]

1. Nf3 Nf6 2. g3 d5 3. Bg2 Bf5 4. c4 e6 5. O-O c6 6. b3 Nbd7 7. Bb2 Bd6 8. d4
O-O 9. Nbd2 h6 10. Re1 Qe7 11. Ne5 Rad8 12. Qc1 Rfe8 13. e4 dxe4 14. Nxe4 Bb4
15. Re2 Nxe5 16. dxe5 Nxe4 17. Bxe4 Bxe4 18. Rxe4 Bc5 19. Bc3 Rd3 20. Qc2 Red8
21. Kg2 Qg5 22. Rae1 Qf5 23. f4 Qh5 24. Rf1 Be3 25. Rxe3 Rxe3 26. Rf2 Qf5 27.
Qxf5 exf5 28. Bb4 Rd1 29. Bc5 Red3 30. Bxa7 R1d2 31. Bc5 Rxf2+ 32. Bxf2 Rd2 33.
a4 Rb2 0-1

[Event "HZ Chess Tournament 2023"]
[Site "Vlissingen, Netherlands"]
[Date "2023.08.11"]
[Round "8.31"]
[White "Boelhouwer, Collin"]
[Black "De Wolf, Johan"]
[Result "1-0"]
[WhiteElo "2134"]
[BlackElo "1984"]
[PlyCount "83"]

1. e4 d5 2. exd5 Nf6 3. Nf3 Nxd5 4. d4 Bg4 5. h3 Bxf3 6. Qxf3 e6 7. a3 Nc6 8.
Bb5 Nde7 9. c3 Qd5 10. Qxd5 exd5 11. Nd2 O-O-O 12. Nf3 f6 13. O-O Na5 14. Ba4
Nc4 15. Bc2 Nd6 16. b3 g5 17. Re1 Ng6 18. Bd2 Bg7 19. a4 Rhe8 20. Be3 a6 21.
Bd3 c6 22. Nd2 Ne4 23. Nxe4 dxe4 24. Bf1 h6 25. b4 Ne7 26. b5 axb5 27. axb5 f5
28. bxc6 Nxc6 29. g3 Kc7 30. Rab1 Ra8 31. Rb3 Re7 32. Reb1 Kc8 33. Rb5 Ra3 34.
Rc5 Rc7 35. Bc1 Ra5 36. Rbb5 Rxb5 37. Rxb5 Ne7 38. Ba3 Kd7 39. Bb4 Ke6 40. Ba5
Rd7 41. Bc4+ Nd5 42. Bb4 1-0

[Event "HZ Chess Tournament 2023"]
[Site "Vlissingen, Netherlands"]
[Date "2023.08.11"]
[Round "8.32"]
[White "Sparenberg, Erik"]
[Black "Riksen, John"]
[Result "1/2-1/2"]
[WhiteElo "2128"]
[BlackElo "1981"]
[PlyCount "93"]

1. d4 d5 2. c4 e6 3. Nf3 Nf6 4. g3 c6 5. Nbd2 Nbd7 6. Bg2 Bd6 7. O-O O-O 8. b3
Re8 9. Bb2 Qe7 10. Re1 Ba3 11. Bxa3 Qxa3 12. e4 dxe4 13. Nxe4 Nxe4 14. Rxe4 Rd8
15. Re2 Nf6 16. Qc2 c5 17. Rd1 cxd4 18. Nxd4 a6 19. Red2 Re8 20. Qc3 e5 21. Nc2
Qe7 22. Ne3 Rb8 23. c5 e4 24. Rd6 h5 25. h3 Be6 26. a3 Rec8 27. Qe5 Re8 28. b4
Bb3 29. Qxe7 Rxe7 30. Rd8+ Rxd8 31. Rxd8+ Kh7 32. Nf5 Re5 33. Ne3 Re7 34. Rd4
g6 35. Rd6 Kg7 36. c6 bxc6 37. Rxc6 Re6 38. Rxe6 Bxe6 39. Nd1 Ne8 40. Bxe4 Bxh3
41. Bc6 Kf8 42. Bxe8 Kxe8 43. Nc3 Kd7 44. f4 Bf5 45. Kf2 f6 46. Ke3 Kc6 47. a4
1/2-1/2

[Event "HZ Chess Tournament 2023"]
[Site "Vlissingen, Netherlands"]
[Date "2023.08.11"]
[Round "8.33"]
[White "Vandevenne, Sander"]
[Black "Van t Hoff, Tom"]
[Result "1-0"]
[WhiteElo "2125"]
[BlackElo "1936"]
[PlyCount "69"]

1. e4 c5 2. c3 Nf6 3. e5 Nd5 4. d4 cxd4 5. cxd4 Nc6 6. Nf3 d6 7. exd6 e6 8. Nc3
Bxd6 9. Bd3 O-O 10. O-O Ncb4 11. Bb1 Nf6 12. Bg5 h6 13. Bh4 b6 14. Re1 Bb7 15.
a3 Nbd5 16. Nxd5 Bxd5 17. Qd3 Re8 18. Ne5 Be7 19. Bc2 Bb7 20. Rad1 Rc8 21. Ba4
Qd5 22. Qh3 g5 23. Bxe8 Rxe8 24. Bg3 h5 25. f3 h4 26. Bf2 Nh5 27. Be3 f6 28.
Nd3 f5 29. Bf2 Bd6 30. Be3 Be7 31. Nb4 Bxb4 32. axb4 g4 33. fxg4 fxg4 34. Qxg4+
Kh8 35. Bg5 1-0

[Event "HZ Chess Tournament 2023"]
[Site "Vlissingen, Netherlands"]
[Date "2023.08.11"]
[Round "8.34"]
[White "Hekhuis, Jeroen"]
[Black "Klein, Jorik"]
[Result "1-0"]
[WhiteElo "2123"]
[BlackElo "1927"]
[PlyCount "65"]

1. Nf3 Nf6 2. g3 g6 3. Bg2 Bg7 4. O-O O-O 5. c4 c5 6. Nc3 d6 7. d4 Qc7 8. d5 a6
9. h3 e6 10. e4 e5 11. Qd3 Nh5 12. g4 Nf6 13. a4 b6 14. Be3 Ne8 15. Nh2 f5 16.
f4 Bd7 17. fxe5 Bxe5 18. exf5 gxf5 19. gxf5 Qc8 20. Ng4 Bg7 21. Be4 h5 22. Nh6+
Kh8 23. Bg5 Nf6 24. Qf3 Be8 25. Qf4 Qc7 26. Qh4 Nbd7 27. Ng4 Nxe4 28. Nxe4 Bxb2
29. Rae1 Kg8 30. Ngf6+ Nxf6 31. Nxf6+ Bxf6 32. Bxf6 Rf7 33. Qg5+ 1-0

[Event "HZ Chess Tournament 2023"]
[Site "Vlissingen, Netherlands"]
[Date "2023.08.11"]
[Round "8.35"]
[White "Verduyn, Frederic"]
[Black "Haak, Eelco"]
[Result "1/2-1/2"]
[WhiteElo "2119"]
[BlackElo "1923"]
[PlyCount "58"]

1. d4 Nf6 2. Bf4 g6 3. e3 Bg7 4. Nf3 O-O 5. h3 d6 6. Be2 Nbd7 7. Bh2 c6 8. Nbd2
Ne8 9. O-O e5 10. dxe5 dxe5 11. a4 Nd6 12. a5 Qe7 13. c3 Nc5 14. b4 Nce4 15.
Nxe4 Nxe4 16. Qc2 Nd6 17. Nd2 f5 18. Nc4 Nxc4 19. Bxc4+ Be6 20. Qb3 Kf7 21.
Rad1 Rfd8 22. Bg3 Bf6 23. f3 Bxc4 24. Qxc4+ Qe6 25. Qxe6+ Kxe6 26. e4 Rxd1 27.
Rxd1 Rd8 28. Rxd8 Bxd8 29. Bf2 a6 1/2-1/2

[Event "HZ Chess Tournament 2023"]
[Site "Vlissingen, Netherlands"]
[Date "2023.08.11"]
[Round "8.36"]
[White "Finkenflugel, Renzo"]
[Black "Van Gemert, Rogier"]
[Result "1/2-1/2"]
[WhiteElo "2113"]
[BlackElo "1913"]
[PlyCount "56"]

1. e4 g6 2. d4 Bg7 3. Nc3 a6 4. Be2 d6 5. h4 h5 6. Nf3 Nh6 7. Ng5 Nc6 8. d5 Nd4
9. Be3 Nxe2 10. Qxe2 c5 11. dxc6 bxc6 12. Qc4 c5 13. Rd1 Bd7 14. O-O O-O 15.
Qd3 Ng4 16. Bxc5 Ne5 17. Qd5 dxc5 18. f4 Bg4 19. Qxd8 Raxd8 20. Rxd8 Rxd8 21.
fxe5 Bxe5 22. Nxf7 Bd4+ 23. Kh2 Rb8 24. Nd5 Be2 25. Nxe7+ Kg7 26. Re1 Kxf7 27.
Nc6 Rxb2 28. Rxe2 Rxa2 1/2-1/2

[Event "HZ Chess Tournament 2023"]
[Site "Vlissingen, Netherlands"]
[Date "2023.08.11"]
[Round "8.37"]
[White "Van de Braak, Joey"]
[Black "Duchene, Rene"]
[Result "0-1"]
[WhiteElo "1899"]
[BlackElo "2085"]
[PlyCount "86"]

1. Nf3 c5 2. c4 e6 3. g3 d5 4. cxd5 exd5 5. d4 Nc6 6. Bg2 Nf6 7. O-O Be7 8. Bf4
O-O 9. Nc3 h6 10. dxc5 Bxc5 11. Rc1 a6 12. Ne5 Ne7 13. Qb3 Be6 14. Rfd1 b5 15.
Nd3 d4 16. Qc2 Ba7 17. Bxa8 Qxa8 18. Bd6 Re8 19. Nf4 Bf5 20. Qb3 dxc3 21. Bxe7
Rxe7 22. Rxc3 g5 23. Nd5 Nxd5 24. Qxd5 Qxd5 25. Rxd5 Be6 26. Rd8+ Kg7 27. a3 a5
28. e3 b4 29. axb4 axb4 30. Rc6 b3 31. Kf1 Rb7 32. Ke2 g4 33. Kd2 Bb6 34. Rdd6
Ba5+ 35. Kd1 Kf6 36. Ra6 Bc7 37. Rd2 Be5 38. Kc1 Ke7 39. Ra5 f6 40. Ra3 Bf5 41.
Ra5 Rc7+ 42. Kd1 Bc2+ 43. Kc1 Be4+ 0-1

[Event "HZ Chess Tournament 2023"]
[Site "Vlissingen, Netherlands"]
[Date "2023.08.11"]
[Round "8.38"]
[White "Emans, Job"]
[Black "Larsen, Harald"]
[Result "1/2-1/2"]
[WhiteElo "2084"]
[BlackElo "1893"]
[PlyCount "157"]

1. d4 d5 2. c4 e6 3. Nc3 c5 4. cxd5 exd5 5. Nf3 Nc6 6. g3 Nf6 7. Bg2 Be7 8. O-O
O-O 9. dxc5 Bxc5 10. Bg5 d4 11. Bxf6 Qxf6 12. Ne4 Qe7 13. Nxc5 Qxc5 14. Rc1 Qb6
15. Qd2 Bf5 16. Nh4 Be6 17. b3 Rad8 18. Be4 f5 19. Bd3 Qc7 20. Ng2 Qd7 21. Nf4
Bf7 22. Bb5 Qd6 23. Bxc6 bxc6 24. b4 g5 25. Nd3 Qf6 26. f4 g4 27. Ne5 Bd5 28.
Qxd4 Bxa2 29. Qxa7 Bd5 30. Qc5 Rfe8 31. Qc3 Rb8 32. Rfd1 Qe7 33. Rd4 Qa7 34.
Qc5 Qa2 35. Qc2 Qa7 36. e3 Qa3 37. Qc3 Qa2 38. Rd2 Qa7 39. Ra1 Qb6 40. Nd7 Rxe3
41. Nxb6 Rxc3 42. Nxd5 cxd5 43. Rxd5 Rxb4 44. Ra2 Rb1+ 45. Kg2 Rcb3 46. Rxf5
R3b2+ 47. Rxb2 Rxb2+ 48. Kg1 Rb1+ 49. Kf2 Rb2+ 50. Ke3 Rxh2 51. Rg5+ Kf7 52.
Rxg4 Ra2 53. Rg5 Ra4 54. Kf3 Ra1 55. Kg4 Rb1 56. Ra5 Rb3 57. Ra7+ Kg8 58. Kh4
Rb4 59. Kg5 Rb3 60. g4 Rb6 61. f5 Rb2 62. Re7 Rb1 63. Rd7 Rb2 64. Kf6 Rb6+ 65.
Ke7 Kg7 66. g5 Rb8 67. Rd8 Rb7+ 68. Rd7 Rb8 69. Rd8 Rb7+ 70. Ke8 Kg8 71. f6 Ra7
72. Rd6 Rb7 73. Re6 Ra7 74. Re7 Ra8+ 75. Kd7 Ra7+ 76. Ke6 Ra6+ 77. Kf5 Ra5+ 78.
Re5 Ra1 79. Ke6 1/2-1/2

[Event "HZ Chess Tournament 2023"]
[Site "Vlissingen, Netherlands"]
[Date "2023.08.11"]
[Round "8.39"]
[White "Kaufmann, Thomas"]
[Black "Loef, Dirk"]
[Result "1/2-1/2"]
[WhiteElo "1862"]
[BlackElo "2082"]
[PlyCount "49"]

1. e4 c5 2. Nf3 Nc6 3. d4 cxd4 4. Nxd4 Nf6 5. Nc3 g6 6. Be3 Bg7 7. Qd2 O-O 8.
Be2 d5 9. exd5 Nxd5 10. Nxc6 bxc6 11. Nxd5 Qxd5 12. Qxd5 cxd5 13. c3 a5 14.
O-O-O e6 15. h4 Ba6 16. Bxa6 Rxa6 17. h5 Rc8 18. hxg6 hxg6 19. Bh6 Bf6 20. Be3
Rac6 21. f4 Rc4 22. Kb1 Rb8 23. Kc2 Rbc8 24. Kb1 Rb8 25. Kc2 1/2-1/2

[Event "HZ Chess Tournament 2023"]
[Site "Vlissingen, Netherlands"]
[Date "2023.08.11"]
[Round "8.40"]
[White "Coenen, Eduard"]
[Black "Vos de Wael, Alexander"]
[Result "1/2-1/2"]
[WhiteElo "2069"]
[BlackElo "1760"]
[PlyCount "108"]

1. d4 d5 2. Bf4 c5 3. e3 Nc6 4. c3 Bf5 5. Nd2 e6 6. Qb3 Qb6 7. Qxb6 axb6 8. Bc7
c4 9. Bxb6 Nf6 10. Bc7 b5 11. f3 b4 12. g4 Bg6 13. g5 Ng8 14. Ne2 Bd3 15. Nc1
bxc3 16. bxc3 Bc2 17. a4 Rxa4 18. Rxa4 Bxa4 19. Ne2 Nge7 20. Kf2 h6 21. f4 Kd7
22. Be5 hxg5 23. fxg5 Nxe5 24. dxe5 Nc6 25. Nf3 Bd1 26. Bg2 Bxe2 27. Kxe2 Bc5
28. Rb1 Kc7 29. g6 fxg6 30. Ng5 Rxh2 31. Nxe6+ Kc8 32. Kf2 Bxe3+ 33. Kg3 Rh6
34. Bxd5 Ne7 35. Bxc4 Nf5+ 36. Kf3 Bd2 37. Ba6+ Kd7 38. Nc5+ Kc6 39. Ne4 Bxc3
40. Bb5+ Kd5 41. Nxc3+ Kxe5 42. Re1+ Kd4 43. Na4 Rh3+ 44. Kg2 Rb3 45. Bc6 Ra3
46. Re4+ Kd3 47. Nb2+ Kc3 48. Nd1+ Kd2 49. Nf2 Rg3+ 50. Kh2 Ra3 51. Re6 Re3 52.
Rxg6 Re2 53. Rg2 Ne3 54. Ne4+ Ke1 1/2-1/2

[Event "HZ Chess Tournament 2023"]
[Site "Vlissingen, Netherlands"]
[Date "2023.08.11"]
[Round "8.41"]
[White "Pluymert, Marcel"]
[Black "Kindt, Manfred"]
[Result "0-1"]
[WhiteElo "1854"]
[BlackElo "2045"]
[PlyCount "28"]

1. d4 Nf6 2. e3 g6 3. f4 d6 4. Bd3 Bg7 5. Nf3 O-O 6. O-O c5 7. c3 Nc6 8. b3
cxd4 9. exd4 e5 10. fxe5 dxe5 11. Ba3 Re8 12. dxe5 Qb6+ 13. Kh1 Ng4 14. Qc2 Ne3
0-1

[Event "HZ Chess Tournament 2023"]
[Site "Vlissingen, Netherlands"]
[Date "2023.08.11"]
[Round "8.42"]
[White "Hoffman, Ron"]
[Black "Rebreyend, Christophe"]
[Result "1/2-1/2"]
[WhiteElo "2028"]
[BlackElo "1660"]
[PlyCount "70"]

1. c4 Nf6 2. g3 g6 3. Bg2 Bg7 4. Nc3 O-O 5. Nf3 d6 6. O-O e5 7. d3 Nc6 8. Rb1
a5 9. a3 Bg4 10. h3 Bd7 11. b4 axb4 12. axb4 Qc8 13. Kh2 e4 14. Nxe4 Nxe4 15.
dxe4 Ra2 16. Be3 Be6 17. Qd3 f5 18. Qb3 Qa8 19. exf5 Ra3 20. Qd1 Bxf5 21. Qd5+
Kh8 22. Ng5 Bxb1 23. Rxb1 Qe8 24. Ne6 Rf5 25. Nxg7 Kxg7 26. Qd2 Re5 27. Bxc6
Qxc6 28. Bd4 Qxc4 29. Bxe5+ dxe5 30. Qd7+ Kh6 31. Qd2+ Kg7 32. Qd7+ Kf6 33.
Qd8+ Kf7 34. Qd7+ Kf8 35. Qd8+ Kf7 1/2-1/2

[Event "HZ Chess Tournament 2023"]
[Site "Vlissingen, Netherlands"]
[Date "2023.08.11"]
[Round "8.43"]
[White "Hematyar, Fardin"]
[Black "Song, Ethan"]
[Result "0-1"]
[WhiteElo "1810"]
[BlackElo "2025"]
[PlyCount "56"]

1. e4 e6 2. d4 d5 3. exd5 exd5 4. Nf3 Nf6 5. c4 Bb4+ 6. Bd2 Nc6 7. Bxb4 Nxb4 8.
a3 Nc6 9. c5 O-O 10. Be2 Bf5 11. O-O Ne4 12. Nc3 Re8 13. Re1 Bg4 14. Ne5 Bxe2
15. Rxe2 Nxe5 16. Nxe4 dxe4 17. dxe5 Rxe5 18. Rd2 Qg5 19. b4 e3 20. fxe3 Qxe3+
21. Kh1 Rae8 22. Rd8 Rxd8 23. Qxd8+ Re8 24. Qd1 h6 25. h3 Qc3 26. Qf1 a5 27.
Qb1 Ra8 28. Ra2 axb4 0-1

[Event "HZ Chess Tournament 2023"]
[Site "Vlissingen, Netherlands"]
[Date "2023.08.11"]
[Round "8.44"]
[White "Bier, Bela"]
[Black "De Lange, Rik"]
[Result "1-0"]
[WhiteElo "2008"]
[BlackElo "1643"]
[PlyCount "101"]

1. Nf3 Nf6 2. e3 e6 3. c4 b6 4. b3 d6 5. Bb2 Nbd7 6. Nc3 Be7 7. Qc2 Bb7 8. d4
d5 9. cxd5 exd5 10. Bd3 Rc8 11. O-O O-O 12. Rfc1 c5 13. Qe2 Bd6 14. a4 Re8 15.
Rc2 Nf8 16. Rac1 Ne6 17. Nb5 Nf4 18. Qf1 Nxd3 19. Qxd3 Ba6 20. dxc5 bxc5 21.
Bxf6 gxf6 22. g3 Bf8 23. Qf5 Bxb5 24. axb5 Rb8 25. Rd1 Rxb5 26. Rxd5 Qb6 27.
Nd2 Qe6 28. Qd3 Rbb8 29. Rc4 Rb4 30. Rc2 a5 31. Ra2 Ra8 32. Rd8 Rxd8 33. Qxd8
a4 34. Kg2 Qc6+ 35. f3 Kg7 36. Rxa4 Rxa4 37. bxa4 Qxa4 38. Qd3 Qd1 39. Kh3 c4
40. Qc3 Qe1 41. Qd4 Bc5 42. Qg4+ Kf8 43. Qxc4 Qxe3 44. Ne4 Bd4 45. Qc8+ Kg7 46.
Qg4+ Kf8 47. Qf5 Qh6+ 48. Kg2 Qg6 49. Qc8+ Kg7 50. Nd6 Be5 51. Nf5+ 1-0

[Event "HZ Chess Tournament 2023"]
[Site "Vlissingen, Netherlands"]
[Date "2023.08.11"]
[Round "8.45"]
[White "Goverde, Gijs"]
[Black "Boulahfa, Hicham"]
[Result "0-1"]
[WhiteElo "1644"]
[BlackElo "2001"]
[PlyCount "82"]

1. d4 e6 2. c4 Nf6 3. Nf3 b6 4. a3 Bb7 5. Nc3 d5 6. Bg5 Be7 7. Bxf6 Bxf6 8.
cxd5 exd5 9. g3 O-O 10. Bg2 Re8 11. O-O c5 12. e3 Na6 13. Rc1 Rc8 14. Bh3 Ra8
15. Qa4 c4 16. Bg2 Nc7 17. Qc2 b5 18. h4 h6 19. Kh2 a5 20. Ra1 Bc6 21. b3 b4
22. Na2 Qb8 23. Rac1 Nb5 24. axb4 Na3 25. Qd2 Bb5 26. Qb2 cxb3 27. Qxb3 Bxf1
28. Bxf1 axb4 29. Rc5 Be7 30. Rxd5 Nc2 31. Rf5 Rf8 32. Bc4 Na1 33. Bxf7+ Kh8
34. Qe6 Qd6 35. Qe4 Bf6 36. Rxf6 Qxf6 37. Ne5 Qxf2+ 38. Kh3 Qf1+ 39. Kg4 Qe2+
40. Kh3 Qf1+ 41. Kg4 Ra6 0-1

[Event "HZ Chess Tournament 2023"]
[Site "Vlissingen, Netherlands"]
[Date "2023.08.11"]
[Round "8.46"]
[White "Van de Breevaart, Rick"]
[Black "Gosman, Theo"]
[Result "0-1"]
[WhiteElo "1779"]
[BlackElo "1986"]
[PlyCount "68"]

1. e4 e6 2. d4 d5 3. exd5 exd5 4. Nf3 Bg4 5. Be2 Bd6 6. O-O Ne7 7. h3 Bh5 8. c4
dxc4 9. Bxc4 Nbc6 10. Re1 O-O 11. Be3 Nf5 12. Bg5 Bxf3 13. Qd2 Qd7 14. gxf3
Nfxd4 15. Kg2 Qf5 16. f4 Rae8 17. Nc3 Nf3 18. Bd3 Qxg5+ 19. fxg5 Nxd2 20. Red1
Bf4 21. Nd5 Bxg5 22. f4 Rd8 23. Rxd2 Rxd5 24. Bxh7+ Kxh7 25. Rxd5 Bxf4 26. Rf1
Bd6 27. a3 a5 28. h4 b6 29. h5 Ne5 30. Rd4 Re8 31. Kh3 Re6 32. Kh4 Rh6 33. Kh3
Rxh5+ 34. Kg2 f6 0-1

[Event "HZ Chess Tournament 2023"]
[Site "Vlissingen, Netherlands"]
[Date "2023.08.11"]
[Round "8.47"]
[White "De Jong, Mats"]
[Black "Nieuwelink, Kees"]
[Result "1/2-1/2"]
[WhiteElo "1570"]
[BlackElo "2165"]
[PlyCount "53"]

1. d4 d6 2. c4 f5 3. Nf3 Nf6 4. g3 g6 5. Bg2 Bg7 6. O-O O-O 7. Nc3 c6 8. d5 Bd7
9. Qc2 Na6 10. Rd1 Rc8 11. Be3 Qa5 12. Qb3 Nc5 13. Bxc5 Qxc5 14. e3 cxd5 15.
cxd5 Rc7 16. Rac1 Rfc8 17. Ne2 Qa5 18. Rxc7 Rxc7 19. Nfd4 Qa6 20. Nc3 Qc4 21.
Qxc4 Rxc4 22. Nce2 Ne8 23. b3 Rc8 24. h4 Bf6 25. Bf1 Rc5 26. Nf4 Nc7 27. Bg2
1/2-1/2

[Event "HZ Chess Tournament 2023"]
[Site "Vlissingen, Netherlands"]
[Date "2023.08.11"]
[Round "8.48"]
[White "Kools, Jasper"]
[Black "Rijnaarts, Sjef"]
[Result "0-1"]
[WhiteElo "1770"]
[BlackElo "2299"]
[PlyCount "62"]

1. d4 d5 2. c4 e6 3. Nf3 Nf6 4. g3 c5 5. cxd5 exd5 6. Bg2 Nc6 7. O-O Be6 8. Nc3
h6 9. Bf4 Be7 10. dxc5 Bxc5 11. Nb5 O-O 12. Qa4 Rc8 13. Rac1 Qb6 14. Rxc5 Qxc5
15. Bd6 Qc4 16. Qxc4 dxc4 17. Bxf8 Kxf8 18. Rc1 Rd8 19. e3 a6 20. Nbd4 Bd5 21.
Nxc6 Bxc6 22. Nd4 Bxg2 23. Kxg2 b5 24. Kf3 Nd5 25. a4 Rb8 26. axb5 axb5 27. Ke4
Nb4 28. b3 Re8+ 29. Kf3 Nd3 30. Rc3 b4 31. Rc2 Ne1+ 0-1

[Event "HZ Chess Tournament 2023"]
[Site "Vlissingen, Netherlands"]
[Date "2023.08.11"]
[Round "8.50"]
[White "Vedant Kumar Saravana"]
[Black "Van Driel, Eric"]
[Result "1-0"]
[WhiteElo "1993"]
[BlackElo "1770"]
[PlyCount "91"]

1. e4 c6 2. d4 d5 3. Nc3 dxe4 4. Nxe4 Nf6 5. Nxf6+ exf6 6. c3 Bd6 7. Bd3 O-O 8.
Qc2 Re8+ 9. Ne2 h6 10. O-O Nd7 11. Be3 Qc7 12. h3 Nf8 13. c4 Ne6 14. Qd2 b6 15.
Rac1 Bf8 16. d5 Nc5 17. Nd4 Nxd3 18. Qxd3 Bd7 19. Rfd1 Rad8 20. Nf5 Qe5 21. Ng3
cxd5 22. cxd5 Be6 23. Qa6 Bxd5 24. Qxa7 Qxb2 25. Qxb6 Qxb6 26. Bxb6 Rd6 27. Bc5
Rd7 28. Bxf8 Kxf8 29. a4 Bc6 30. Rxd7 Bxd7 31. Ra1 Ra8 32. a5 Ke7 33. f4 g6 34.
Kf2 f5 35. h4 Bb5 36. Ne2 Bxe2 37. Kxe2 Kd6 38. Kd3 Kc5 39. a6 Ra7 40. g3 Kd5
41. Ra5+ Kc6 42. Kd4 f6 43. h5 Kb6 44. Rd5 Kc6 45. hxg6 Rg7 46. Ra5 1-0

[Event "HZ Chess Tournament 2023"]
[Site "Vlissingen, Netherlands"]
[Date "2023.08.11"]
[Round "8.51"]
[White "Galle, Andre"]
[Black "Den Heijer, Rolinde"]
[Result "0-1"]
[WhiteElo "1978"]
[BlackElo "1769"]
[PlyCount "86"]

1. d4 d5 2. c4 e6 3. Nc3 c5 4. e3 Nf6 5. Nf3 a6 6. dxc5 Bxc5 7. a3 O-O 8. b4
Bd6 9. Bb2 Nc6 10. cxd5 exd5 11. Be2 Be6 12. O-O Rc8 13. b5 axb5 14. Nxb5 Bb8
15. Rc1 Ne4 16. Qa4 Qe7 17. Nbd4 Bd7 18. Qb3 Nxd4 19. Bxd4 Bc6 20. a4 Rfe8 21.
Rc2 Qd6 22. g3 Qd7 23. Bb5 Qf5 24. Nh4 Qh3 25. f4 Nd6 26. Rfc1 Qd7 27. Bxc6
bxc6 28. Qb6 Nc4 29. Rxc4 dxc4 30. Rxc4 Bd6 31. Qb2 Bf8 32. Qc2 Qd5 33. Nf5 f6
34. g4 Qe6 35. Bc5 Bxc5 36. Rxc5 g6 37. Nd4 Qxe3+ 38. Qf2 Qe4 39. f5 Qxg4+ 40.
Kh1 Rcd8 41. Rc4 c5 42. fxg6 hxg6 43. Qa2 Re1# 0-1

[Event "HZ Chess Tournament 2023"]
[Site "Vlissingen, Netherlands"]
[Date "2023.08.11"]
[Round "8.52"]
[White "Westerweele, Henrik"]
[Black "Van de Griend, Johan"]
[Result "1-0"]
[WhiteElo "1948"]
[BlackElo "1752"]
[PlyCount "87"]

1. e4 c5 2. c3 d5 3. exd5 Qxd5 4. d4 cxd4 5. cxd4 Nc6 6. Nf3 e5 7. Nc3 Bb4 8.
Bd2 Bxc3 9. Bxc3 e4 10. Ne5 Nxe5 11. dxe5 Ne7 12. Qc2 Nc6 13. Rd1 Qe6 14. Qxe4
Qf5 15. Bd3 Qxe4+ 16. Bxe4 O-O 17. O-O Be6 18. a3 Rad8 19. f4 Bb3 20. Rxd8 Rxd8
21. Kf2 g6 22. Ke3 Rd7 23. Rf2 Ne7 24. Bd4 b5 25. Bc5 Nf5+ 26. Bxf5 gxf5 27.
Rf3 h6 28. Rg3+ Kh7 29. Bd6 f6 30. Kd4 Be6 31. Kc5 fxe5 32. fxe5 h5 33. b4 Rf7
34. Kxb5 f4 35. Rc3 Kg6 36. Rc7 Kf5 37. Rxf7+ Bxf7 38. Kc5 Ke4 39. Bb8 Be6 40.
Kd6 Kd3 41. Bxa7 h4 42. Bf2 h3 43. gxh3 Bc8 44. b5 1-0

[Event "HZ Chess Tournament 2023"]
[Site "Vlissingen, Netherlands"]
[Date "2023.08.11"]
[Round "8.53"]
[White "Kogeler, Aart"]
[Black "Oosting, Robert"]
[Result "1/2-1/2"]
[WhiteElo "1714"]
[BlackElo "1936"]
[PlyCount "52"]

1. d4 Nf6 2. c4 g6 3. Nc3 d5 4. cxd5 Nxd5 5. e4 Nxc3 6. bxc3 Bg7 7. Bc4 O-O 8.
Ne2 c5 9. Be3 Nc6 10. O-O cxd4 11. cxd4 Bg4 12. f3 Na5 13. Rc1 Bd7 14. Bd3 Rc8
15. Qd2 b6 16. Bh6 Rxc1 17. Rxc1 Bc6 18. Bxg7 Kxg7 19. d5 Bb7 20. Qc3+ Kg8 21.
Bb5 Qd6 22. Qb2 e6 23. dxe6 Qxe6 24. Qd2 Qe7 25. Qd7 Qxd7 26. Bxd7 Ba6 1/2-1/2

[Event "HZ Chess Tournament 2023"]
[Site "Vlissingen, Netherlands"]
[Date "2023.08.12"]
[Round "9.1"]
[White "Vrolijk, Liam"]
[Black "Ter-Sahakyan, Samvel"]
[Result "1/2-1/2"]
[WhiteElo "2517"]
[BlackElo "2604"]
[PlyCount "55"]

1. c4 e5 2. g3 c6 3. d4 e4 4. d5 Bb4+ 5. Bd2 Qe7 6. Nc3 Nf6 7. Nh3 cxd5 8. Nf4
Bxc3 9. Bxc3 dxc4 10. Bg2 Nc6 11. Nd5 Nxd5 12. Qxd5 O-O 13. Bxe4 Re8 14. f3 Nb4
15. Qd2 a5 16. a3 d5 17. Bxh7+ Kxh7 18. axb4 Bh3 19. Kf2 Rad8 20. e3 axb4 21.
Bxb4 Qf6 22. Bc3 Qf5 23. Qd4 Qc2+ 24. Qd2 Qxd2+ 25. Bxd2 d4 26. exd4 Rxd4 27.
Bc3 Rd3 28. Rhe1 1/2-1/2

[Event "HZ Chess Tournament 2023"]
[Site "Vlissingen, Netherlands"]
[Date "2023.08.12"]
[Round "9.2"]
[White "Maatman, Nick"]
[Black "Ikonnikov, Vyacheslav"]
[Result "1/2-1/2"]
[WhiteElo "2362"]
[BlackElo "2467"]
[PlyCount "23"]

1. e4 c5 2. Nf3 Nc6 3. d4 cxd4 4. Nxd4 e5 5. Nb5 d6 6. c4 Be7 7. N5c3 Nf6 8.
Be2 Nd4 9. O-O O-O 10. Be3 Nxe2+ 11. Qxe2 Be6 12. Rd1 1/2-1/2